Operations management : (Record no. 24366)
[ view plain ]
| 000 -LEADER | |
|---|---|
| fixed length control field | 00655nam a22002177a 4500 |
| 020 ## - INTERNATIONAL STANDARD BOOK NUMBER | |
| ISBN | 9788131711316 |
| 041 ## - LANGUAGE CODE | |
| Language code of text/sound track or separate title | English |
| 082 ## - DEWEY DECIMAL CLASSIFICATION NUMBER | |
| Classification number | 658.5 |
| Item number | KRA |
| 100 ## - MAIN ENTRY--AUTHOR NAME | |
| Author name | Krajewski, Lee J. |
| 245 ## - TITLE STATEMENT | |
| Title | Operations management : |
| Sub Title | process and value chain / |
| Statement of responsibility, etc | Lee J. Krajewski, Larry P. Ritzman, Manoj K. Malhotra, |
| 250 ## - EDITION STATEMENT | |
| Edition statement | 8 th edition. |
| 260 ## - PUBLICATION, DISTRIBUTION, ETC. (IMPRINT) | |
| Place of publication | New Delhi : |
| Name of publisher | Pearson , |
| Year of publication | 2008. |
| 300 ## - PHYSICAL DESCRIPTION | |
| Number of Pages | xv, 738 page : |
| Other physical details | illustrations ; |
| Dimensions | 24 cm. |
| 505 ## - FORMATTED CONTENTS NOTE | |
| Formatted contents note | Includes index. |
| 650 ## - SUBJECT ADDED ENTRY--TOPICAL TERM | |
| Subject | Production management. |
| 650 ## - SUBJECT ADDED ENTRY--TOPICAL TERM | |
| Subject | Operations management. |
| 700 ## - ADDED ENTRY--PERSONAL NAME | |
| Author 2/ Editor | Ritzman, Larry P. |
| 700 ## - ADDED ENTRY--PERSONAL NAME | |
| Author 2/ Editor | Malhotra, Manoj K. |
| 942 ## - ADDED ENTRY ELEMENTS (KOHA) | |
| Source of classification or shelving scheme | Dewey Decimal Classification |
| Koha item type | Books |
| Withdrawn status | Lost status | Source of classification or shelving scheme | Damaged status | Not for loan | Home library | Current library | Shelving location | Date acquired | Source of acquisition | Full call number | Accession Number | Price effective from | Koha item type |
|---|---|---|---|---|---|---|---|---|---|---|---|---|---|
| Dewey Decimal Classification | Institute of Public Enterprise, Library | Institute of Public Enterprise, Library | S Campus | 07/01/2026 | Gifted by Prof. S. Sathesh kumar (IPE faculty) | 658.5 KRA | 51082 | 07/01/2026 | Books |

2cqr automation private limited, Chennai. All Rights Reserved.